Výpočet BCPB - RM-S

Výpočet priemerného kurzu BCPB. Stanovenie priemernej ceny. Priemerný kurz BCPB - RM-S.

Na minha lista:
Detalhes bibliográficos
Formato: Capítulo de Livro
Idioma:eslovaco
Assuntos:
Tags: Adicionar Tag
Sem tags, seja o primeiro a adicionar uma tag!

MARC

LEADER 00000naa a2200000 4500
001 r018616
005 20221213100636.8
041 0 |a slo 
044 |a SK 
245 1 0 |a Výpočet BCPB - RM-S 
520 |a Výpočet priemerného kurzu BCPB. Stanovenie priemernej ceny. Priemerný kurz BCPB - RM-S. 
610 2 0 |a burzovníctvo 
610 2 0 |a burzy 
610 2 0 |a modely ekonomické 
610 2 0 |a BCP Bratislava 
610 2 0 |a RM-Systém Slovakia 
610 2 0 |a kurz burzový 
610 2 0 |a ceny